History of Mathematical Sciences (Record no. 67666)

MARC details
000 -LEADER
fixed length control field 01659nam a2200349Ia 4500
001 - CONTROL NUMBER
control field vtls003208913
003 - CONTROL NUMBER IDENTIFIER
control field MY-SjTCS
005 - DATE AND TIME OF LATEST TRANSACTION
control field 20200306171210.0
006 - FIXED-LENGTH DATA ELEMENTS--ADDITIONAL MATERIAL CHARACTERISTICS
fixed length control field m u
007 - PHYSICAL DESCRIPTION FIXED FIELD--GENERAL INFORMATION
fixed length control field cr cn|||||||||
008 - FIXED-LENGTH DATA ELEMENTS--GENERAL INFORMATION
fixed length control field 100906s2008 si a sb 100 0 eng d
020 ## - INTERNATIONAL STANDARD BOOK NUMBER
Canceled/invalid ISBN 9789812771254
035 ## - SYSTEM CONTROL NUMBER
System control number (CaPaEBR)ebr10255987
039 #9 - LEVEL OF BIBLIOGRAPHIC CONTROL AND CODING DETAIL [OBSOLETE]
-- 201009061503
-- VLOAD
040 ## - CATALOGING SOURCE
Original cataloging agency CaPaEBR
Transcribing agency CaPaEBR
050 14 - LIBRARY OF CONGRESS CALL NUMBER
Classification number QA27.E18
Item number H57 2008eb
111 2# - MAIN ENTRY--MEETING NAME
Meeting name or jurisdiction name as entry element Conference "History of Mathematical Sciences:Portugal and East Asia III
Date of meeting or treaty signing (1998 :
Location of meeting University of Macao)
9 (RLIN) 299172
245 10 - TITLE STATEMENT
Title History of Mathematical Sciences
Medium [electronic resource] :
Remainder of title Portugal and East Asia III : The Jesuits, the Padroado and East Asian science (1552-1773) /
Statement of responsibility, etc. edited by Luís Saraiva and Catherine Jami.
260 ## - PUBLICATION, DISTRIBUTION, ETC.
Place of publication, distribution, etc. Singapore ;
-- Hackensack, NJ :
Name of publisher, distributor, etc. World Scientific,
Date of publication, distribution, etc. c2008.
300 ## - PHYSICAL DESCRIPTION
Extent xiv, 182 p. :
Other physical details ill.
504 ## - BIBLIOGRAPHY, ETC. NOTE
Bibliography, etc. note Includes bibliographical references.
529 ## -
-- TSLHHL
533 ## - REPRODUCTION NOTE
Type of reproduction Electronic reproduction.
Place of reproduction Palo Alto, Calif. :
Agency responsible for reproduction ebrary,
Date of reproduction 2009.
Note about reproduction Available via World Wide Web.
-- Access may be limited to ebrary affiliated libraries.
650 #0 - SUBJECT ADDED ENTRY--TOPICAL TERM
Topical term or geographic name entry element Mathematics
Geographic subdivision East Asia
General subdivision History
Form subdivision Congresses.
9 (RLIN) 299173
650 #0 - SUBJECT ADDED ENTRY--TOPICAL TERM
Topical term or geographic name entry element Mathematics
Geographic subdivision Portugal
General subdivision History
Form subdivision Congresses.
9 (RLIN) 299174
651 #0 - SUBJECT ADDED ENTRY--GEOGRAPHIC NAME
Geographic name East Asia
General subdivision Intellectual life
Form subdivision Congresses.
9 (RLIN) 299175
655 #7 - INDEX TERM--GENRE/FORM
Genre/form data or focus term Electronic books.
Source of term local
9 (RLIN) 201578
700 1# - ADDED ENTRY--PERSONAL NAME
Personal name Saraiva, Luis.
9 (RLIN) 299176
700 1# - ADDED ENTRY--PERSONAL NAME
Personal name Jami, Catherine.
9 (RLIN) 299177
710 2# - ADDED ENTRY--CORPORATE NAME
Corporate name or jurisdiction name as entry element ebrary, Inc.
9 (RLIN) 25628
856 40 - ELECTRONIC LOCATION AND ACCESS
Uniform Resource Identifier https://ezproxy.taylors.edu.my/login?url=http://site.ebrary.com/lib/taylorscollege/Doc?id=10255987
Public note An electronic book accessible through the World Wide Web; click to view
Holdings
Withdrawn status Lost status Damaged status Not for loan Home library Current library Date acquired Total Checkouts Date last seen Price effective from Koha item type
      e-book Taylor's Library-TU Taylor's Library-TU 02/03/2026   02/03/2026 02/03/2026 E-Book